000 nam a22 7a 4500
999 _c232904
_d232904
003 Nust
005 20170224151828.0
008 170224b xxu||||| |||| 00| 0 eng d
040 _cDLC
082 _a330.09 FUS
245 _aThe age of the Economist/
_cFusfeld, Daniel R.
260 _aLahore :
_bFerozsons,
300 _axiv, 210p.
_c23 cm
942 _2ddc
_cBK